| 000 | 00648nam a22002411 4500 | ||
|---|---|---|---|
| 001 | sa 68002962 | ||
| 003 | DLC | ||
| 005 | 20260227112448.0 | ||
| 008 | 710903s1967 ii a b 00000 eng | ||
| 010 | _asa 68002962 | ||
| 025 | _aPL480:I-E-9268 | ||
| 050 | 0 |
_aP151 _b.R3 |
|
| 082 | _a415/.01 | ||
| 100 | 1 | 0 | _aRay, Punya Sloka. |
| 245 | 1 | 0 | _aLinguistic matrices. |
| 250 | _a[1st ed.] | ||
| 260 | 0 |
_aSimla, _bIndian Institute of Advanced Study _c[1967] |
|
| 300 |
_a90 p. _billus. _c21 cm. |
||
| 350 |
_aRs7.50 _a$2.70 |
||
| 504 | _aBibliography: p. 88-90. | ||
| 650 | 0 | _aGenerative grammar. | |
| 710 | 2 | 0 | _aIndian Institute of Advanced Study. |
| 999 |
_c79121 _d79121 |
||